Contemporary India (Record no. 536186)

MARC details
000 -LEADER
fixed length control field 00648nam a2200229Ia 4500
003 - CONTROL NUMBER IDENTIFIER
control field OSt
005 - DATE AND TIME OF LATEST TRANSACTION
control field 20220925200325.0
008 - FIXED-LENGTH DATA ELEMENTS--GENERAL INFORMATION
fixed length control field 220923b |||||||| |||| 00| 0 hin d
037 ## - SOURCE OF ACQUISITION
Terms of availability General Book
040 ## - CATALOGING SOURCE
Original cataloging agency RTL
Transcribing agency RTL
Language of cataloging hin
041 ## - LANGUAGE CODE
Source of code hin
Language code of text/sound track or separate title hin
100 ## - MAIN ENTRY--PERSONAL NAME
Personal name Kaldate Sudha Ed.
9 (RLIN) 257301
245 #0 - TITLE STATEMENT
Title Contemporary India
Remainder of title A sociological perspective.
260 ## - PUBLICATION, DISTRIBUTION, ETC.
Place of publication, distribution, etc. Delhi
Name of publisher, distributor, etc. Ajanta Publication
Date of publication, distribution, etc. 1984
300 ## - PHYSICAL DESCRIPTION
Extent 272p
Dimensions cm.
500 ## - GENERAL NOTE
General note Bibliography chapterwise
942 ## - ADDED ENTRY ELEMENTS (KOHA)
Classification part Y.2.N8, M4
Koha item type General Books
Source of classification or shelving scheme Colon Classification (CC)

No items available.

Copyright @ Delhi University Library System